[Event "Primavara"]
[Site "Bucharest"]
[Date "1998.??.??"]
[Round "6"]
[White "Iordachescu, Viorel"]
[Black "Vajda, Levente"]
[Result "0-1"]
[WhiteElo "2520"]
[BlackElo "2440"]

1.e4 c5 2.Nf3 d6 3.d4 cxd4 4.Nxd4 Nf6 5.Nc3 a6 6.Be3 e5 7.Nb3 Be6 8.f3 Nbd7
9.Qd2 Be7 10.g4 O-O 11.O-O-O b5 12.g5 b4 13.Na4 Nh5 14.Qxb4 d5 15.Nac5 d4
16.Nxe6 fxe6 17.Qc4 dxe3 18.Bh3 Kh8 19.Bxe6 Ra7 20.h4 Nf4 21.Kb1 e2 22.Rd2 Qe8
23.Bg4 Nb6 24.Qc3 Qb5  0-1

[Event "Primavara (Women)"]
[Site "Bucharest"]
[Date "1998.??.??"]
[Round "9"]
[White "Zatonskih, Anna"]
[Black "Petrenko, Svetlana"]
[Result "1/2-1/2"]
[WhiteElo "2340"]
[BlackElo "2275"]

1.e4 c5 2.Nf3 d6 3.d4 cxd4 4.Nxd4 Nf6 5.Nc3 a6 6.Be3 Ng4 7.Bg5 h6 8.Bh4 g5
9.Bg3 h5 10.h3 Nf6 11.Bc4 h4 12.Bh2 g4 13.Qd3 Nbd7 14.O-O-O Ne5 15.Bxe5 dxe5
16.Nf5 Qxd3 17.Rxd3 e6 18.Ne3 b5 19.Bb3 Bh6 20.Kb1 Bxe3 21.Rxe3 Rg8 22.a4 b4
23.Na2 Bb7 24.hxg4 Nxg4 25.Re2 a5 26.Bc4 Rd8 27.f3 Nf6 28.c3 bxc3 29.Nxc3 Nh5
30.Bb5+ Kf8 31.Rxh4 Nf4 32.Rc2 Nxg2 33.Rh5 Ne1 34.Rf2 Rg3 35.Rh8+ Ke7 36.Rxd8 Kxd8
37.Be2 Rg1 38.Ka2 Nc2 39.Rf1 Rg2 40.Rh1 Nd4 41.Rh8+ Kc7 42.Bd1 f5 43.Rh7+ Kb6
44.Re7 Bc8 45.exf5 Nc6 46.Rh7 exf5 47.Bb3 Nb4+ 48.Ka3 Bb7 49.Rf7 f4 50.Rf5 Nd3
51.Nd5+ Kc5 52.Nxf4 Nxf4 53.Rxe5+ Nd5 54.Bxd5 Bxd5 55.b3 Rf2 56.Re8 Rxf3
57.Rb8 Kd4 58.Rb5 Be6 59.Kb2 Rf5 60.Rxf5 Bxf5 61.Ka3 Kc3 62.Ka2 Kb4  1/2-1/2

[Event "Primavara"]
[Site "Bucharest"]
[Date "1998.??.??"]
[Round "9"]
[White "Cioara, Andrei Nestor"]
[Black "Vasiesiu, Dan"]
[Result "1-0"]
[WhiteElo "2390"]
[BlackElo "2420"]

1.e4 c5 2.Nf3 d6 3.d4 cxd4 4.Nxd4 Nf6 5.Nc3 a6 6.Be3 e6 7.f3 Nc6 8.Qd2 Be7
9.O-O-O O-O 10.g4 Nxd4 11.Bxd4 b5 12.g5 Nd7 13.h4 Bb7 14.Kb1 Rc8 15.a3 Ne5
16.Qe3 Nc4 17.Bxc4 Rxc4 18.Rhg1 Qd7 19.Bf6 Rfc8 20.Bxe7 Qxe7 21.Rd2 Qc7 22.Rgd1 d5
23.exd5 Bxd5 24.Nxd5 exd5 25.Rxd5 Rxh4 26.Rc5  1-0

[Event "Ciocaltea mem"]
[Site "Bucharest"]
[Date "1998.??.??"]
[Round "11"]
[White "Aronian, Levon"]
[Black "Florean, Andrei"]
[Result "1-0"]
[WhiteElo "2455"]
[BlackElo "2455"]

1.e4 c5 2.Nf3 d6 3.d4 cxd4 4.Nxd4 Nf6 5.Nc3 a6 6.Be3 e5 7.Nb3 Be7 8.f3 Be6
9.Qd2 Nbd7 10.O-O-O O-O 11.g4 b5 12.g5 b4 13.Na4 Ne8 14.h4 Qb8 15.Na5 Bd8
16.Nc6 Qb7 17.Nxb4 Ba5 18.a3 Nc7 19.Qxd6 Bxb4 20.Qxb4 Nb5 21.Nc5 Nxc5 22.Bxc5 Rfc8
23.a4  1-0

[Event "Ciocaltea mem"]
[Site "Bucharest"]
[Date "1998.??.??"]
[Round "12"]
[White "Nevednichy, Vladislav"]
[Black "Kiselev, Sergey"]
[Result "1/2-1/2"]
[WhiteElo "2550"]
[BlackElo "2510"]

1.e4 c5 2.Nf3 d6 3.d4 cxd4 4.Nxd4 Nf6 5.Nc3 a6 6.Be3 Ng4 7.Bg5 h6 8.Bh4 g5
9.Bg3 Bg7 10.Qd2 Nc6 11.Nb3 Be6 12.f3 Nge5 13.Bf2 b5 14.Nd5 Rb8 15.h4 g4
16.f4 g3 17.Bg1 Nc4 18.Bxc4 bxc4 19.Nd4 Bxd5 20.exd5 Nxd4 21.Bxd4 Bxd4 22.Qxd4 Qa5+
23.Ke2 Kd7 24.Kf3 Rhg8 25.Rhe1 Rxb2 26.Rab1 Rxb1 27.Rxb1 Rc8 28.Rb7+ Rc7
29.Rxc7+ Qxc7 30.Qe4 Qa5 31.Kxg3 Qxa2 32.Kg4 Qa1 33.Kh5 a5 34.g4 a4 35.Qf5+ Kd8
36.Qxf7 a3 37.Qf8+ Kd7 38.Qa8 Qb2 39.Qc6+ Kd8 40.Qa8+ Kd7  1/2-1/2

[Event "Primavara (Women)"]
[Site "Bucharest"]
[Date "1998.??.??"]
[Round "13"]
[White "Moshina, Cristina"]
[Black "Vasiesiu, Cristina"]
[Result "0-1"]
[WhiteElo "2135"]
[BlackElo "2225"]

1.e4 c5 2.Nf3 d6 3.d4 cxd4 4.Nxd4 Nf6 5.Nc3 a6 6.Be3 e6 7.Qd2 Be7 8.f3 Nc6
9.Nb3 O-O 10.O-O-O b5 11.g4 Bb7 12.h4 Rc8 13.Kb1 Nd7 14.g5 Nce5 15.Qf2 b4
16.Na4 f5 17.Nb6 Rc7 18.Nxd7 Rxd7 19.Be2 fxe4 20.f4 a5 21.Nd4 Bd5 22.Qg3 Nc4
23.Bxc4 Bxc4 24.Qh3 Qc8 25.Nxe6 Rf7 26.Nc5 Rc7 27.Qxc8+ Rxc8 28.Nxe4 d5 29.Nd2 Be2
30.Rde1 Bh5 31.Nb3 Bg6 32.Nd4 Bc5 33.f5 Bxf5 34.Nxf5 Rxf5 35.Bxc5 Rxc5 36.Rhf1 Rxf1
37.Rxf1 Rc4 38.Rh1 Kf7 39.Kc1 Rg4 40.Re1 Rxh4 41.Re5 Rh1+ 42.Kd2 Ra1 43.Rxd5 Rxa2
44.b3 a4 45.bxa4 b3 46.Rc5 b2 47.Rb5 Kg6 48.a5 Rxa5 49.Rxb2 Kxg5 50.c4 Kf4
51.Kd3 h5 52.Kd4 h4 53.c5 Ra1 54.c6 Rc1 55.Kd5 g5 56.Rb4+ Kf5 57.Kd6 h3 58.c7 h2
59.Rb1 Rxc7 60.Rf1+ Ke4 61.Kxc7 g4 62.Ra1 g3 63.Ra4+ Kf3 64.Ra3+ Kg2 65.Ra2+ Kh3
66.Ra1 g2  0-1

[Event "Ciocaltea mem"]
[Site "Bucharest"]
[Date "1998.??.??"]
[Round "13"]
[White "Iordachescu, Viorel"]
[Black "Florean, Andrei"]
[Result "1-0"]
[WhiteElo "2520"]
[BlackElo "2455"]

1.e4 c5 2.Nf3 d6 3.d4 cxd4 4.Nxd4 Nf6 5.Nc3 a6 6.Be3 e5 7.Nb3 Be7 8.f3 Be6
9.Qd2 Nbd7 10.g4 b5 11.g5 Nh5 12.O-O-O Nb6 13.Nd5 Nxd5 14.exd5 Bd7 15.Na5 Qc7
16.Kb1 O-O 17.Rg1 f5 18.Be2 Rfc8 19.f4 Nxf4 20.Bxf4 exf4 21.Bf3 g6 22.Nc6 Bf8
23.h4 Re8 24.Qxf4 Qb6 25.Nd4 Bg7 26.Ne6 Rac8 27.Qd2 Rc4 28.Rge1 Be5 29.h5 Rh4
30.Rh1 Rxh1 31.Bxh1 Rc8 32.Bf3 Rc4 33.Rh1 Bg3 34.a3 Rh4 35.Rxh4 Qg1+ 36.Ka2 Bxh4
37.Qc3 Qf1  1-0

[Event "Primavara"]
[Site "Bucharest"]
[Date "1998.??.??"]
[Round "14"]
[White "Cioara, Andrei Nestor"]
[Black "Vajda, Levente"]
[Result "0-1"]
[WhiteElo "2390"]
[BlackElo "2440"]

1.e4 c5 2.Nf3 d6 3.d4 cxd4 4.Nxd4 Nf6 5.Nc3 a6 6.Be3 e5 7.Nb3 Be6 8.f3 Be7
9.Qd2 O-O 10.O-O-O b5 11.g4 Nbd7 12.g5 b4 13.Ne2 Nh5 14.Ng3 Nf4 15.h4 g6
16.Kb1 a5 17.Nd4 exd4 18.Bxf4 Ne5 19.h5 Nxf3 20.Qg2 Nxg5 21.Qh2 Nf3 22.Qf2 Ne5
23.hxg6 fxg6 24.Qh2 Rf7 25.Nf5 gxf5 26.Bxe5 dxe5 27.Qxe5 Rf6 28.exf5 Qd5
29.Rg1+ Kh8 30.Qc7 Qxa2+ 31.Kc1 Bf8 32.Rxd4 Bxf5 33.Rd8 Rxd8 34.Qxd8 Qa1+  0-1

[Event "Budapest Nyar-B"]
[Site "Budapest"]
[Date "1998.??.??"]
[Round "9"]
[White "Feher, Gyula"]
[Black "Tatai, Stefano"]
[Result "1-0"]
[WhiteElo "2445"]
[BlackElo "2385"]

1.e4 c5 2.Nf3 d6 3.d4 cxd4 4.Nxd4 Nf6 5.Nc3 a6 6.Be3 e5 7.Nb3 Be7 8.f3 Be6
9.Qd2 O-O 10.O-O-O Nbd7 11.g4 Nb6 12.g5 Nfd7 13.h4 a5 14.Kb1 a4 15.Nc1 Ra5
16.Nb5 Nc8 17.Qc3 b6 18.Nc7 Nc5 19.Nd5 Kh8 20.Nd3 Bxd5 21.exd5 f5 22.Nb4 Na7
23.a3 Qd7 24.Qe1 Bd8 25.Rh2 Re8 26.Bg1 Rf8 27.Re2 Qf7 28.f4 e4 29.Rh2 Kg8
30.h5 b5 31.Bd4 Qb7 32.Rh3 Bb6 33.Bc3 Ra8 34.h6 g6 35.Qd2 Nd7 36.Nc6 Ra6
37.Ne7+ Kf7 38.Nxg6  1-0

[Event "Budapest FS07 IM-A"]
[Site "Budapest"]
[Date "1998.??.??"]
[Round "10"]
[White "Medvegy, Zoltan"]
[Black "Nguyen Thi Thanh An"]
[Result "1-0"]
[WhiteElo "2350"]
[BlackElo "2095"]

1.e4 c5 2.Nf3 d6 3.d4 cxd4 4.Nxd4 Nf6 5.Nc3 a6 6.Be3 Ng4 7.Bc1 Nc6 8.Be2 Qb6
9.Bxg4 Nxd4 10.Bxc8 Rxc8 11.O-O Ne6 12.Nd5 Qc6 13.Be3 Nc5 14.Qg4 e6 15.Nc3 h5
16.Qf3 b5 17.a3 Be7 18.Bd4 Rh7 19.Rfe1 Nd7 20.a4 b4 21.Nd5 Qc4 22.Qe3 Bd8
23.b3 Qc6 24.Nxb4 Qb7 25.Na2 e5 26.Bc3 Rh6 27.a5 Rg6 28.Nb4 Nc5 29.Nd5 h4
30.h3 Bg5 31.Qf3 Ne6 32.Re2 Bh6 33.Ra4 Rc5 34.Bb2 Qc8 35.Qd3 Qd8 36.Qxa6 Qg5
37.Qa8+ Kd7 38.Qb7+ Rc7 39.Qb5+ Kd8 40.Qb8+ Kd7 41.Nb6+ Ke7 42.f3 Qg3 43.Nd5+ Kd7
44.Qb5+ Kd8 45.a6 Bf4 46.Nxf4 Nxf4 47.a7 Nxh3+ 48.Kh1 Nf2+ 49.Rxf2 Qxf2 50.a8=Q+ Rc8
51.Qxc8+ Kxc8 52.Qc6+ Kd8 53.Ra8+ Ke7 54.Re8+ Kf6 55.Qxd6+ Kg5 56.Qxe5+ Kh6
57.Rh8+  1-0

[Event "ARG-ch sf"]
[Site "Buenos Aires"]
[Date "1998.??.??"]
[Round "1"]
[White "Scarpa, Joaquin"]
[Black "Julia, Ernesto"]
[Result "0-1"]
[WhiteElo "2190"]
[BlackElo "2350"]

1.e4 c5 2.Nf3 d6 3.d4 cxd4 4.Nxd4 Nf6 5.Nc3 a6 6.Be3 e5 7.Nb3 Be6 8.Qd2 Nbd7
9.f3 Rc8 10.g4 Be7 11.g5 Nh5 12.O-O-O O-O 13.Kb1 Nb6 14.Rg1 g6 15.Nd5 Nxd5
16.exd5 Bf5 17.Bd3 Qd7 18.Nc1 Bxd3 19.Nxd3 Qf5 20.Qe2 Rfe8 21.Nf2 b5 22.Ne4 Rc4
23.Rd2 Rec8 24.Rf1 Rf8 25.Qd3 Nf4 26.Bxf4 Qxf4 27.Rg2 Rd4 28.Qe2 Rxd5 29.c3 Qf5
30.Ka1 Rc8 31.h4 b4 32.Qxa6 bxc3 33.bxc3 Qe6 34.h5 Bd8 35.hxg6 fxg6 36.Rh1 Ra5
37.Nf6+ Kf8 38.Nxh7+ Kg7 39.Qb7+ Rc7 40.Qb8 Rc8 41.Qb7+ Rc7 42.Qb8 Rca7 43.Rhh2 Qc4
44.Qb4 Qf1+ 45.Qb1 Qxf3 46.Rc2 Rb7  0-1

[Event "Cap d'Agde op"]
[Site "Cap d'Agde"]
[Date "1998.??.??"]
[Round "6"]
[White "Bauer, Christian"]
[Black "Pigusov, Evgeny"]
[Result "0-1"]
[WhiteElo "2520"]
[BlackElo "2575"]

1.e4 c5 2.Nf3 d6 3.d4 cxd4 4.Nxd4 Nf6 5.Nc3 a6 6.Be3 Ng4 7.Bg5 h6 8.Bh4 g5
9.Bg3 Bg7 10.Qd2 Nc6 11.Nb3 b5 12.f3 Nge5 13.Bf2 Na5 14.Nxa5 Qxa5 15.Nd5 Qxd2+
16.Kxd2 Rb8 17.c3 e6 18.Nb6 O-O 19.Kc2 Bb7 20.a4 f5 21.exf5 Rxf5 22.axb5 axb5
23.h3 b4 24.Bd4 bxc3 25.bxc3 Nxf3 26.gxf3 Bxd4 27.cxd4 Bxf3 28.Bc4 d5 29.Nxd5 Be4+
30.Kd2 exd5 31.Rhe1 Rb2+ 32.Kd1 Kg7 33.Ra7+ Kg6 34.Ra6+ Rf6 35.Rxf6+ Kxf6
36.Rf1+ Kg6 37.Be2 Rb4 38.Kd2 Rxd4+ 39.Ke3 Rb4 40.Bg4 Bg2 41.Bf5+ Kg7  0-1

[Event "CZE-chT 9899"]
[Site "CZE"]
[Date "1998.??.??"]
[Round "4"]
[White "Hracek, Zbynek"]
[Black "Oral, Tomas"]
[Result "1/2-1/2"]
[WhiteElo "2615"]
[BlackElo "2510"]

1.e4 c5 2.Nf3 d6 3.d4 cxd4 4.Nxd4 Nf6 5.Nc3 a6 6.Be3 e6 7.g4 h5 8.gxh5 b5
9.Bg2 Bb7 10.Qd2 Nbd7 11.a3  1/2-1/2

[Event "Moravia-chT 9899"]
[Site "CZE"]
[Date "1998.??.??"]
[Round "4"]
[White "Bolacky, Jiri"]
[Black "Stradej, Vlastimil"]
[Result "0-1"]
[WhiteElo "2160"]
[BlackElo "2195"]

1.e4 c5 2.Nf3 d6 3.d4 cxd4 4.Nxd4 Nf6 5.Nc3 a6 6.Be3 e5 7.Nb3 Be6 8.Qd2 Be7
9.f3 b5 10.g4 O-O 11.g5 Nh5 12.O-O-O Nd7 13.h4 Ng3 14.Rg1 Nxf1 15.Rdxf1 Nb6
16.Bxb6 Qxb6 17.h5 Rac8 18.g6 fxg6 19.hxg6 h6 20.Nd5 Bxd5 21.Qxd5+ Kh8 22.Rg2 Qe3+
23.Nd2 Rxf3 24.Rd1 Rf2 25.Qb7 Qc5 26.Qxc8+ Qxc8 27.Rxf2 Bf6 28.Nb3 Qg4 29.Re2 Qxe2  0-1

[Event "Moravia-chT 9798"]
[Site "CZE"]
[Date "1998.??.??"]
[Round "5.3"]
[White "Jurasek, Miroslav"]
[Black "Blazkova, Petra"]
[Result "1-0"]
[WhiteElo "2315"]
[BlackElo "2255"]

1.e4 c5 2.Nf3 d6 3.d4 cxd4 4.Nxd4 Nf6 5.Nc3 a6 6.Be3 Ng4 7.Bg5 h6 8.Bh4 g5
9.Bg3 Bg7 10.Be2 h5 11.Bxg4 Bxg4 12.f3 Bd7 13.Bf2 Nc6 14.O-O O-O 15.Nd5 b5
16.Nxc6 Bxc6 17.Bb6 Qd7 18.Be3 Bxb2 19.Nb6 Qe6 20.Rb1 Bf6 21.Nxa8 Rxa8 22.Qd2 g4
23.Bd4 Bh4 24.Rb3 Kh7 25.fxg4 hxg4 26.Rf5 Qg6 27.Qe2 Bd7 28.Rh3 Qh6 29.Rxh4 Qxh4
30.Rxf7+ Kg8 31.Rg7+  1-0

[Event "CZE-chT2 9798"]
[Site "CZE"]
[Date "1998.??.??"]
[Round "11.2"]
[White "Reznicek, Tomas"]
[Black "Nemec, Pavel"]
[Result "1-0"]
[WhiteElo "2295"]
[BlackElo "2275"]

1.e4 c5 2.Nf3 d6 3.d4 cxd4 4.Nxd4 Nf6 5.Nc3 a6 6.Be3 e5 7.Nf3 h6 8.Bc4 Be7
9.O-O Bg4 10.Nd5 Nbd7 11.h3 Bh5 12.Qd3 Bg6 13.Nd2 Nc5 14.Bxc5 dxc5 15.Nxf6+ Bxf6
16.Bd5 Qc7 17.a4 O-O 18.a5 Bd8 19.Nc4 Qe7 20.Ra3 Kh8 21.Rb3 Rb8 22.Qg3 Re8
23.Bc6 Rg8 24.Qxe5 Qxe5 25.Nxe5 Bc7 26.Nxg6+ fxg6 27.Bd5 Rgf8 28.Ra1 Be5
29.c3 Rfd8 30.h4 Rd7 31.g3 Bd6 32.Kg2 Be7 33.f4 Rc8 34.Kf3 Rcc7 35.Rb6 Kh7
36.Ra3 Bd8 37.Re6 Re7 38.Rxe7 Rxe7 39.Rb3 Bxa5 40.Rxb7 Bc7 41.Ra7 a5 42.e5 Bd8
43.Rxe7 Bxe7 44.Be4 Bd8 45.h5 Kg8 46.Bxg6 Kf8 47.Ke4 a4 48.Kd5 Ba5 49.Kc4 Ke7
50.Bc2  1-0

[Event "POL-ch sf"]
[Site "Czestochowa"]
[Date "1998.??.??"]
[Round "1"]
[White "Liwak, Przemyslaw"]
[Black "Jakubiec, Artur"]
[Result "1/2-1/2"]
[WhiteElo "2230"]
[BlackElo "2430"]

1.e4 c5 2.Nf3 d6 3.d4 Nf6 4.Nc3 cxd4 5.Nxd4 a6 6.Be3 e5 7.Nb3 Be7 8.f3 O-O
9.Qd2 Be6 10.O-O-O a5 11.Bb5 Nbd7 12.Qf2 Rc8 13.Na4 d5 14.Bxd7 Bxd7 15.Bb6 Qe8
16.Nac5 a4 17.Nd2 d4 18.Nd3 Bb5 19.Nxe5 Bd6 20.f4 Bxe5 21.fxe5 Bd3 22.Qxd4 Rxc2+
23.Kb1 Qb5 24.Ka1 Nd7 25.Nb1 Bxe4 26.Na3 Qxb6 27.Nxc2 Bxc2 28.Qxd7 Bxd1 29.Rxd1 a3
30.Qd4 axb2+ 31.Qxb2 Qe3 32.g3 h6 33.Qxb7 Qxe5+ 34.Qb2 Qe6 35.Qd4 Rc8 36.Qb2 Ra8
37.Rb1 Rd8 38.Qb6 Qe5+ 39.Qb2 Qe4 40.Qc3 Qe2 41.Qc7 Qe8 42.Qc3 Rc8 43.Re1 Qd7
44.Qb2 Qc7 45.Rb1 Qc4 46.Qe5 Rc5 47.Qe3 Qc2 48.Rb2 Qf5 49.a3 Re5 50.Qc3 Qe6
51.Qb3 Qe7 52.Qb4 Qf6 53.Qc3 Qf1+ 54.Rb1 Qe2 55.Rc1 f5 56.Rc2 Qe4 57.Qc4+ Kh7
58.Qxe4 fxe4 59.Kb2 Kg6 60.Kc3 Rd5 61.Rd2 Ra5 62.Kd4 Ra4+ 63.Ke5 Kg5 64.Rd4 Rxa3
65.Rxe4 Ra5+ 66.Ke6 Ra2 67.h3 h5 68.h4+ Kh6 69.Kf5  1/2-1/2

[Event "POL-ch sf"]
[Site "Czestochowa"]
[Date "1998.??.??"]
[Round "5"]
[White "Jakubowski, Maciej"]
[Black "Jakubiec, Artur"]
[Result "1/2-1/2"]
[WhiteElo "2335"]
[BlackElo "2430"]

1.e4 c5 2.Nf3 d6 3.d4 cxd4 4.Nxd4 Nf6 5.Nc3 a6 6.Be3 e5 7.Nb3 Be7 8.Qd2 Be6
9.f3 O-O 10.O-O-O a5 11.Bb5 Nbd7 12.Kb1 Ne8 13.g4 Nc7 14.Bxd7 Qxd7 15.h4 Rfd8
16.Nd5 Bxd5 17.exd5 a4 18.Nc1 a3 19.b3 b5 20.h5 f6 21.Ne2 Rdb8 22.Qd3 b4
23.f4 Ra5 24.Qe4 Qxg4 25.Rdg1 Qxe2 26.h6 g5 27.fxg5 Nxd5 28.gxf6+ Kh8 29.Qh4 Rc8
30.Rh2 Qxe3 31.Qg4 Qxg1+ 32.Qxg1 Bxf6 33.Rf2 Rg8 34.Rg2 Rxg2 35.Qxg2 Nc3+
36.Ka1 Rd5 37.Qg8+  1/2-1/2

[Event "POL-ch sf"]
[Site "Czestochowa"]
[Date "1998.??.??"]
[Round "7"]
[White "Liwak, Przemyslaw"]
[Black "Szelag, Marcin"]
[Result "1-0"]
[WhiteElo "2230"]
[BlackElo "2350"]

1.e4 c5 2.Nf3 d6 3.d4 cxd4 4.Nxd4 Nf6 5.Nc3 a6 6.Be3 e5 7.Nb3 Be6 8.f3 Nbd7
9.g4 h6 10.Qd2 b5 11.O-O-O Nb6 12.Qf2 Nc4 13.Bxc4 bxc4 14.Nc5 Qc7 15.N5a4 Rb8
16.Nb6 Qb7 17.Ncd5 Bxd5 18.exd5 Be7 19.h4 O-O 20.g5 Nh5 21.Rhg1 Qc7 22.Rg4 Nf4
23.gxh6 g6 24.Bxf4 Qxb6 25.Qxb6 Rxb6 26.Be3 Rb4 27.a3 Ra4 28.Bd2 Kh7 29.Rdg1 Rg8
30.Bb4 Rc8 31.Kb1 Kxh6 32.f4 e4 33.f5 Rxb4 34.axb4 gxf5 35.Rf4 Re8 36.Rxf5 Bxh4
37.Rg4 Bd8 38.Rxf7 e3 39.Rf1 Kh5 40.Rg2 Re5 41.Rh1+ Bh4 42.Rgh2 Re4 43.Kc1 Kg5
44.Kd1 Bg3 45.Rh5+ Kf4 46.Ke2 Rd4 47.Rf1+ Ke4 48.Rd1 Rxd1 49.Kxd1 Be5 50.c3 Kxd5
51.Rh4 Bf6 52.Rg4 a5 53.bxa5 Kc5 54.a6 Kb6 55.Rxc4 Kxa6 56.Rc6+ Kb5 57.Rxd6 Be7
58.Re6  1-0

[Event "POL-ch sf"]
[Site "Czestochowa"]
[Date "1998.??.??"]
[Round "7"]
[White "Nurkiewicz, Maciej"]
[Black "Jakubowski, Krzysztof"]
[Result "0-1"]
[WhiteElo "2285"]
[BlackElo "2235"]

1.e4 c5 2.Nf3 d6 3.d4 cxd4 4.Nxd4 Nf6 5.Nc3 a6 6.Be3 e5 7.Nb3 Be6 8.Qd2 Nbd7
9.f3 b5 10.g4 Nb6 11.Bxb6 Qxb6 12.O-O-O Be7 13.h4 O-O 14.Nd5 Bxd5 15.exd5 a5
16.Qd3 a4 17.Nd2 Rab8 18.h5 a3 19.b4 Qd4 20.Qxd4 exd4 21.Ne4 Nxe4 22.fxe4 Bg5+
23.Kb1 Rfe8 24.Bg2 Be3 25.Rd3 Rec8 26.Rxa3 Rc4 27.Rb3 Rbc8 28.Bf1 Rxc2 29.Bxb5 Rg2
30.Bc6 Rb8 31.b5 Rxg4 32.b6 Rxe4 33.b7 f5 34.Kc2 f4 35.Kd3 Re7 36.a4 Bf2
37.Rh3 Re1 38.Rb5 Kf7 39.Kd2 Ra1 40.Ke2 Ra2+ 41.Kf3 Ra3+ 42.Kg2 Be3 43.Ra5 d3
44.Rh1 d2 45.Rd1 Rb3 46.Ra8 R8xb7 47.Bxb7 Rxb7 48.Ra6 Kf6 49.Rxd6+ Ke5 50.Rd8 Ke4
51.d6 Kd3 52.Kf3 Kc2 53.Ke2 f3+ 54.Kxe3 Kxd1 55.Kf2 Kc2 56.d7 d1=Q 57.Rc8+ Kb2
58.d8=Q Qe2+ 59.Kg3 Qg2+ 60.Kf4 Rf7+ 61.Ke5 Qe2+ 62.Kd6 Qd3+  0-1

[Event "Dieren op"]
[Site "Dieren"]
[Date "1998.??.??"]
[Round "5"]
[White "Meijere, Agnese"]
[Black "Belle, Erika"]
[Result "1/2-1/2"]
[WhiteElo "2175"]
[BlackElo "2045"]

1.e4 c5 2.Nf3 d6 3.d4 cxd4 4.Nxd4 Nf6 5.Nc3 a6 6.Be3 e6 7.Qf3 Nbd7 8.O-O-O Qc7
9.Qh3 Nc5 10.f3 b5 11.a3 Rb8 12.g4 Nfd7 13.g5 Ne5 14.f4 Nc4 15.f5 Nxe3 16.Qxe3 Bd7
17.Bh3 e5 18.Nd5 Qd8 19.Nf3 a5 20.b4 axb4 21.axb4 Na4 22.Qa7 Rc8 23.Rd3 Rc6
24.Rg1 Qc8 25.Rg2 h6 26.g6 f6 27.Qe3 Be7 28.Rgd2 Bd8 29.Ng1 Nb6 30.Nxb6  1/2-1/2

[Event "Dieren op"]
[Site "Dieren"]
[Date "1998.??.??"]
[Round "6"]
[White "Nijboer, Friso"]
[Black "Peng, Zhaoqin"]
[Result "1-0"]
[WhiteElo "2580"]
[BlackElo "2420"]

1.e4 c5 2.Nf3 d6 3.d4 cxd4 4.Nxd4 Nf6 5.Nc3 a6 6.Be3 e5 7.Nb3 Be6 8.f3 Nbd7
9.Qd2 Be7 10.g4 O-O 11.O-O-O Qc7 12.g5 Nh5 13.Nd5 Bxd5 14.exd5 Rfe8 15.Kb1 Bd8
16.c4 a5 17.Nc1 a4 18.Ne2 Nc5 19.Bh3 g6 20.Bg4 Nf4 21.Nxf4 exf4 22.Bxf4 Be7
23.Be3 Bf8 24.Bd4 Bg7 25.Bxg7 Kxg7 26.h4 Kg8 27.h5 Re5 28.Rde1 Rae8 29.f4 R5e7
30.h6 f5 31.gxf6 Rxe1+ 32.Rxe1 Qf7 33.Kc2 Kf8 34.Rxe8+ Qxe8 35.Qe2 Qxe2+
36.Bxe2 Kf7 37.Bd3 Kxf6 38.Kc3 Nxd3 39.Kxd3 b6 40.b4 axb3 41.axb3  1-0

[Event "Sparkasse op"]
[Site "Dortmund"]
[Date "1998.??.??"]
[Round "?"]
[White "Koscielski, Janusch"]
[Black "Leitao, Rafael"]
[Result "0-1"]
[WhiteElo "2290"]
[BlackElo "2515"]

1.e4 c5 2.Nf3 d6 3.d4 cxd4 4.Nxd4 Nf6 5.Nc3 a6 6.Be3 e5 7.Nb3 Be6 8.f3 Nbd7
9.Qd2 b5 10.a4 b4 11.Nd5 Bxd5 12.exd5 Nb6 13.Bxb6 Qxb6 14.a5 Qb7 15.Bc4 Be7
16.Ra4 Rb8 17.Qd3 Qa7 18.Bxa6 O-O 19.Bc4 e4 20.fxe4 Ng4 21.Qd4 Qd7 22.Ra2 Bg5
23.Qd3 f5 24.O-O fxe4 25.Qe2 Qa7+ 26.Kh1 Rxf1+ 27.Qxf1 Rf8  0-1

[Event "Dos Hermanas op"]
[Site "Dos Hermanas"]
[Date "1998.??.??"]
[Round "5"]
[White "De la Villa Garcia, Jesus Maria"]
[Black "Epishin, Vladimir"]
[Result "1/2-1/2"]
[WhiteElo "2485"]
[BlackElo "2590"]

1.e4 c5 2.Nf3 d6 3.d4 cxd4 4.Nxd4 Nf6 5.Nc3 a6 6.Be3 e5 7.Nb3 Nbd7 8.g4 h6
9.h4 b5 10.a3 Nb6 11.Rg1 Be6 12.g5 hxg5 13.hxg5 Nfd7 14.Qd2 Be7 15.Na5 Rc8
16.O-O-O Qc7 17.Kb1 g6 18.Be2 Kf8 19.Bg4 Kg8 20.f4  1/2-1/2

[Event "Dos Hermanas op"]
[Site "Dos Hermanas"]
[Date "1998.??.??"]
[Round "7"]
[White "Magem Badals, Jorge"]
[Black "Rodriguez Lopez, Rafael"]
[Result "1-0"]
[WhiteElo "2535"]
[BlackElo "2285"]

1.e4 c5 2.Nf3 d6 3.d4 Nf6 4.Nc3 cxd4 5.Nxd4 a6 6.Be3 Qc7 7.f3 b5 8.g4 e6
9.Qd2 Bb7 10.O-O-O Nfd7 11.Kb1 Nb6 12.Ndxb5 axb5 13.Nxb5 Qc6 14.Nxd6+ Bxd6
15.Qxd6 Qxd6 16.Rxd6 Nc8 17.Bb5+ Ke7 18.Rd2 Bc6 19.Bc5+ Kf6 20.Be2 Nd7 21.Bd4+ Kg6
22.h4 f6 23.h5+ Kf7 24.Rhd1 Ncb6 25.b3 Rhb8 26.Be3 Ke7 27.Rd6 Rc8 28.c4 Rc7
29.c5 Nc8 30.Bc4 Nf8 31.g5 f5 32.g6 hxg6 33.hxg6 Kf6 34.Bd4+ Kxg6 35.Rg1+ Kh7
36.Rxc6 Rxc6 37.Rxg7+ Kh6 38.Rf7 Na7 39.exf5 exf5 40.Bg7+  1-0

[Event "Centrocoop June op-A"]
[Site "Eforie Nord "]
[Date "1998.??.??"]
[Round "?"]
[White "Ciornei, Dragos"]
[Black "Burnoiu, Costel"]
[Result "1-0"]
[WhiteElo "2100"]
[BlackElo "2240"]

1.e4 c5 2.Nf3 d6 3.d4 cxd4 4.Nxd4 Nf6 5.Nc3 a6 6.Be3 Ng4 7.Bg5 h6 8.Bh4 g5
9.Bg3 Bg7 10.Qd2 Nc6 11.Nf5 Bxf5 12.exf5 Qa5 13.Bd3 Nge5 14.O-O Nxd3 15.Qxd3 Nd4
16.Rfe1 Rd8 17.Qe4 O-O 18.Nd5 e6 19.Ne7+ Kh8 20.fxe6 d5 21.Qd3 Nxe6 22.Ng6+ fxg6
23.Rxe6 Rde8 24.Qxg6 Rxe6 25.Qxe6 Qd2 26.Rf1 Kh7 27.Qd7 Qxc2 28.Be5 Qg6 29.Qxb7 Rf7
30.Qb8 d4 31.Bxg7 Qxg7 32.Qa8 Qf6 33.Qe4+ Kg7 34.h3 Qb6 35.b3 Qf6 36.Kh1 Rc7
37.Rd1 Re7 38.Qxd4 Re1+ 39.Kh2 Rxd1 40.Qxd1 Qxf2 41.Qd7+ Kh8 42.Qc8+ Kg7
43.Qc7+ Kg6 44.a3 h5 45.Qd6+ Kg7 46.Qe5+ Kg6 47.Qd6+ Kg7 48.Qg3 Qd2 49.h4 g4
50.Qe5+ Kg6 51.b4 Qf2 52.Qg5+  1-0

[Event "Centrocoop June op-A"]
[Site "Eforie Nord "]
[Date "1998.??.??"]
[Round "?"]
[White "Ciornei, Dragos"]
[Black "Petrenko, Svetlana"]
[Result "0-1"]
[WhiteElo "2100"]
[BlackElo "2275"]

1.e4 c5 2.Nf3 d6 3.d4 Nf6 4.Nc3 cxd4 5.Nxd4 a6 6.Be3 Ng4 7.Bg5 h6 8.Bh4 g5
9.Bg3 Bg7 10.Qd2 h5 11.h3 Nh6 12.Be2 h4 13.Bh2 g4 14.hxg4 Nxg4 15.Bxg4 Bxg4
16.f3 Bd7 17.O-O-O Nc6 18.Nf5 Bxf5 19.exf5 Qa5 20.Nd5 Qxa2 21.c3 Nd4 22.cxd4 Qxd5
23.Qc2 Kd7 24.Kb1 Rac8 25.Qe4 Qxe4+ 26.fxe4 Rc4 27.Bg1 Bf6 28.Bf2 Rg8 29.Bxh4 Bxd4
30.Rd2 Be5 31.f6 e6 32.g3 Rxe4 33.Rc1 d5 34.Rdc2 Bd6 35.Rc3 d4 36.Rc4 e5  0-1

[Event "Centrocoop June op-A"]
[Site "Eforie Nord "]
[Date "1998.??.??"]
[Round "?"]
[White "Moshina, Cristina"]
[Black "Roitiburd, Talic"]
[Result "0-1"]
[WhiteElo "2135"]
[BlackElo "2000"]

1.e4 c5 2.Nf3 d6 3.d4 cxd4 4.Nxd4 Nf6 5.Nc3 a6 6.Be3 e5 7.Nb3 Be6 8.f3 b5
9.Qd2 Nbd7 10.Qf2 Be7 11.g4 Nxg4 12.Qd2 Bh4+ 13.Kd1 Nxe3+ 14.Qxe3 Bg5 15.Qf2 Nb6
16.h4 Bh6 17.Bd3 b4 18.Ne2 Nc4 19.Bxc4 Bxc4 20.Nd2 d5 21.Nxc4 dxc4+ 22.Ke1 Qd2+
23.Kf1 O-O 24.Ng3 Rad8 25.Rh2 Qxf2+ 26.Rxf2 g6 27.Ke1 Rd7 28.Rd1 Rxd1+ 29.Kxd1 Rd8+
30.Ke1 Bf4 31.Nf1 h5 32.Re2 g5 33.Rg2 Kh7 34.hxg5 Kg6 35.Ke2 c3 36.b3 Bxg5
37.Ne3 Rd2+ 38.Kf1 Rxg2 39.Nxg2 f5 40.Ne1 fxe4 41.fxe4 Be7 42.Nf3 Bf6 43.Kg2 h4
44.Kh3 Kh5 45.Ne1 Kg5 46.Ng2 Bd8 47.Nxh4 Kf4 48.Ng6+ Kxe4 49.Kg2 Ke3 50.Nxe5 Kd2
51.Kf3 Kxc2 52.Ke2 Kb1  0-1

[Event "Centrocoop Sept op-B"]
[Site "Eforie Nord"]
[Date "1998.??.??"]
[Round "?"]
[White "Ionica, Iulia"]
[Black "Radu, Stela"]
[Result "1-0"]
[WhiteElo "2225"]
[BlackElo "2035"]

1.e4 c5 2.Nf3 d6 3.d4 cxd4 4.Nxd4 Nf6 5.Nc3 a6 6.Be3 e5 7.Nb3 Be6 8.f3 Nbd7
9.Qd2 Qc7 10.g4 h6 11.h4 Nb6 12.O-O-O Be7 13.Qf2 Nfd7 14.Kb1 O-O-O 15.Rh2 Kb8
16.a4 Nc4 17.Bxc4 Bxc4 18.Nd5 Bxd5 19.Rxd5 Rc8 20.a5 g5 21.Qd2 f6 22.Bg1 b6
23.axb6 Nxb6 24.Qb4 Ka7 25.Na5 Qb8 26.Nc4 Rc6 27.Nxb6 Rxb6 28.hxg5 fxg5 29.Rd3 Rh7
30.Bxb6+ Qxb6 31.Qxb6+ Kxb6 32.Rb3+ Kc7 33.Kc1 Bf8 34.Kd2 Rd7 35.Rd3 Kc6
36.c4 Rb7 37.Kc3 Rf7 38.b4 Kb6 39.Kb3 Rc7 40.Rhd2 Rc6 41.Rd5 Kc7 42.Ra2 Kb7
43.Rda5 Rb6 44.b5 axb5 45.Rxb5 Be7 46.Rxb6+ Kxb6 47.Ra8 Kc6 48.Rh8 Kd7 49.Rxh6 Ke8
50.Ka4 Kf7 51.Kb5 Kg7 52.Re6 Kf7 53.Rxe7+  1-0

[Event "Centrocoop Sept op-B"]
[Site "Eforie Nord"]
[Date "1998.??.??"]
[Round "?"]
[White "Voicu, Carmen"]
[Black "Calotescu, Cristina"]
[Result "1-0"]
[WhiteElo "2120"]
[BlackElo "2180"]

1.e4 c5 2.Nf3 d6 3.d4 cxd4 4.Nxd4 Nf6 5.Nc3 a6 6.Be3 e5 7.Nb3 Be6 8.f3 Be7
9.Qd2 Nbd7 10.g4 b5 11.O-O-O Nb6 12.g5 Nh5 13.Nd5 Bxd5 14.exd5 Rc8 15.Kb1 Nc4
16.Bxc4 bxc4 17.Nc1 Qc7 18.c3 a5 19.Rhg1 a4 20.a3 Qa5 21.Na2 Bd8 22.Qf2 Rb8
23.Nb4 Rb7 24.Qh4 g6 25.Qxc4 O-O 26.Qc6 Qc7 27.Qxa4 f6 28.gxf6 Rxf6 29.Qe8+ Rf8
30.Qe6+ Kh8 31.Bh6 Ng7 32.Qg4 Bf6 33.h4 Ra8 34.Bxg7+ Bxg7 35.Qe4 Rf8 36.Rg4 Rf5
37.Rd3 Qf7 38.Nc6 Qf8 39.a4 Rbf7 40.a5 Rxf3 41.Rxf3 Rxf3 42.a6 Rf1+ 43.Ka2 Qa8
44.a7 Bh6 45.Qa4 Rf8 46.Rb4 Kg7 47.Kb3 Rf4 48.Qb5  1-0